000 00964cam a22001934a 4500
999 _c689
_d689
020 _a078176131X (pbk. : alk. paper)
050 0 0 _aRT48.6
_b.N93
100 _aJuall,Lynda
245 0 0 _aNursing diagnosis :
_bapplication to clinical practice /
_c[edited by] Lynda Juall Carpenito-Moyet.
250 _a11th ed.
260 _aPhiladelphia :
_bLippincott Williams & Wilkins,
_cc2006.
300 _axviii, 1002 p. ;
_c28 cm.
505 0 _aDevelopment of Nursing Diagnosis -- Types and Components of Nursing Diagnoses -- Nursing Diagnosis: What It Is, What It Is Not -- Nursing Diagnoses: Assessment and Diagnosis -- Planning Care With Nursing Diagnosis -- Ten Steps to Putting It All Together -- Nursing Diagnoses: Issues and Controversies -- Manual of Nursing Diagnoses -- Manual of Collaborative Problems.
650 0 _aNursing diagnosis.
650 1 2 _aNursing Diagnosis
650 2 2 _aPatient Care Planning
700 1 _aCarpenito-Moyet, Lynda Juall.
942 _cBK